Economic principles and problems (Record no. 9233)

MARC details
000 -LEADER
fixed length control field 00510cam a2200205ua 4500
001 - CONTROL NUMBER
control field 10246
005 - DATE AND TIME OF LATEST TRANSACTION
control field 20260515114609.0
008 - FIXED-LENGTH DATA ELEMENTS--GENERAL INFORMATION
fixed length control field 171107n ii |||gr||||Z||||||eng
020 ## - INTERNATIONAL STANDARD BOOK NUMBER
International Standard Book Number 9788173813825
040 ## - CATALOGING SOURCE
Transcribing agency MAIN
041 ## - LANGUAGE CODE
Language code of text/sound track or separate title eng
082 ## - DEWEY DECIMAL CLASSIFICATION NUMBER
Classification number 330
100 ## - MAIN ENTRY--PERSONAL NAME
Personal name Mukherjee, Sampat,
Relator term Author.
245 ## - TITLE STATEMENT
Title Economic principles and problems
Statement of responsibility, etc. By Sampat Mukherjee
250 ## - EDITION STATEMENT
Edition statement 3rd ed.
260 ## - PUBLICATION, DISTRIBUTION, ETC.
Place of publication, distribution, etc. Guwahati:
Name of publisher, distributor, etc. New Central Book Agency,
Date of publication, distribution, etc. 2016.
300 ## - PHYSICAL DESCRIPTION
Extent 371+216p.
653 ## - INDEX TERM--UNCONTROLLED
Uncontrolled term Economics
942 ## - ADDED ENTRY ELEMENTS (KOHA)
Koha item type Books
Holdings
Withdrawn status Lost status Damaged status Not for loan Home library Current library Shelving location Date acquired Total checkouts Full call number Barcode Date last seen Copy number Price effective from Koha item type
        Naharkatiya College Library Naharkatiya College Library General stacks 09/19/2020   330 | MUK 23893 09/19/2020 1 09/19/2020 Books